[Event "Alberta Closed"]
[Site "Edmonton"]
[Date "2010.04.02"]
[Round "1"]
[White "Pechenkin, Vladimir"]
[Black "Gardner, Robert"]
[Result "1-0"]
[WhiteElo "2343"]
[BlackElo "2163"]
[PlyCount "145"]
[EventDate "2010.04.02"]
[EventType "tourn"]
[EventRounds "5"]
[EventCountry "CAN"]
[SourceDate "2013.09.08"]

1. c4 g6 2. Nc3 Bg7 3. g3 d6 4. Bg2 e5 5. d3 Nc6 6. e4 f5 7. Nge2 Nf6 8. O-O
Be6 9. Nd5 Qd7 10. Bg5 O-O 11. Qd2 Nd8 12. Rad1 Bxd5 13. cxd5 Nf7 14. Bh4 h6
15. Bxf6 Bxf6 16. exf5 gxf5 17. d4 exd4 18. Nxd4 Bxd4 19. Qxd4 Ne5 20. f4 Ng4
21. Rfe1 Qg7 22. Qxg7+ Kxg7 23. Rc1 Rf7 24. Bf3 h5 25. h3 Nf6 26. Kf2 Rd8 27.
Re6 Rdd7 28. Rce1 Kf8 29. b4 Rde7 30. b5 b6 31. R1e3 Rxe6 32. Rxe6 Kg7 33. Re3
Rf8 34. Re7+ Rf7 35. Re3 Rf8 36. Rc3 Rc8 37. Ra3 Ra8 38. Rc3 Rc8 39. Ke3 Kg6
40. Kd4 Nd7 41. Re3 Nc5 42. Re7 a6 43. bxa6 Ra8 44. Be2 Nxa6 45. Bxa6 Rxa6 46.
Rxc7 Rxa2 47. Rc6 Ra4+ 48. Kd3 Ra3+ 49. Kc4 Rxg3 50. Rxd6+ Kf7 51. Kd4 Rxh3 52.
Rxb6 h4 53. Ke5 Rd3 54. Rf6+ Ke7 55. Rxf5 Re3+ 56. Kd4 Re1 57. Rh5 Rd1+ 58. Ke5
Rh1 59. Rh7+ Ke8 60. Ke6 Re1+ 61. Kf6 {When I was looking through this endgame,
it occurred to me that I had already seen something very similar before. I
checked my records and wasn't disappointed, indeed. The position on the
following diagram, taken from the first round of the 2010 Alberta Closed, is
identical to the one in Goganov - Vitiugov! The colors must be reversed, of
course. Let's see how the game proceeded.} Rh1 {Correct.} 62. d6 $2 {This
hasty push allows Black to escape. We were approaching midnight, and the
fatigue might have been taking its toll.} ({As we already know, the right way
is} 62. f5 h3 63. Ke6 Re1+ 64. Kd6 {etc.}) 62... h3 63. f5 h2 $2 {Rob makes
the same mistake as GM Goganov.} ({The computer points out that Black has two
moves that lead to a draw, the simpler one is} 63... Kd8 {Now White cannot
regroup as in the game.  If} 64. Ke6 Re1+ 65. Kf7 Rh1 66. f6 {then just} h2 {
and White runs out of ideas.}) ({We are already familiar with a more cynical
alternative:} 63... Rh2 64. Re7+ Kd8 65. Re3 Kd7 66. Ke5 Rh1 67. f6 Rh2 $3 {
etc.}) 64. Re7+ $1 Kd8 65. Rh7 {White repeats the position to gain some time
on the clock. Fortunately, there is nothing that Black can do at this point.}
Ke8 66. Re7+ Kd8 67. Re2 $1 Kd7 68. Rd2 ({Similarly to Vitiugov's game,} 68.
Ke5 {also wins but I already calculated the other winning line.}) 68... Ke8 {
Now White has to demonstrate the entire idea.} (68... Ra1 69. Rxh2 Kxd6 70.
Rd2+ {is an easy win.}) (68... Kd8 69. d7 Rf1 70. Rxh2 Kxd7 71. Re2 $1 {
doesn't change anything.}) 69. d7+ Kd8 {Another curious moment. It seems that
White is in zugzwang and cannot make further progress. GM Sergey Shipov, who
was doing live commentary of the game Goganov - Vitiugov, actually got to this
very position in his express analysis and declared it drawn! Certainly, he had
very little time on his "clock" so this superficial judgement is fully
exusable. Nevertheless, it's quite delightful to prove the opposite in a real
game!} 70. Kf7 $1 Rf1 {What else?} 71. Rxh2 Rxf5+ (71... Kxd7 72. Rd2+ Kc7 73.
f6 {is a familiar theme.}) 72. Ke6 Rf8 73. Rc2 {Black is defenceless and has
to resign. The above examples prove once again how difficult rook endgames
actually are. On the other hand, it is quite a thrill if one can play them
correctly at least every once in a while.} 1-0

[Event "66th ch-RUS 2013"]
[Site "Nizhnij Novgorod"]
[Date "2013.10.05"]
[Round "1"]
[White "Goganov, Aleksey"]
[Black "Vitiugov, Nikita"]
[Result "0-1"]
[WhiteElo "2575"]
[BlackElo "2729"]
[PlyCount "118"]
[EventDate "2013.??.??"]
[EventCountry "RUS"]
[SourceDate "2013.09.08"]

1. d4 Nf6 2. c4 e6 3. Nf3 Bb4+ 4. Bd2 Qe7 5. g3 Bxd2+ 6. Qxd2 Nc6 7. Nc3 d5 8.
Ne5 dxc4 9. Nxc6 bxc6 10. Bg2 O-O 11. O-O Rb8 12. Rfd1 Rd8 13. Qc2 Ba6 14. Ne4
Nxe4 15. Bxe4 g6 16. Bxc6 Qb4 17. Rab1 Rd6 18. Bf3 Qa5 19. b3 Rb4 20. bxc4 Rxc4
21. Rb8+ Kg7 22. Qb2 Qc3 23. Qxc3 Rxc3 24. Ra8 c5 25. Rxa7 cxd4 26. Rd2 Bc4 27.
h4 e5 28. Rb2 Ra6 29. Rxa6 Bxa6 30. a4 Rc4 31. Bb7 Rxa4 32. Bxa6 Rxa6 33. f3 h5
34. Kf2 Kf6 35. e3 Ke6 36. exd4 exd4 37. g4 Ke5 38. gxh5 gxh5 39. Rb5+ Kf4 40.
Rxh5 Ra2+ 41. Ke1 f5 42. Rh8 Ke3 43. Re8+ Kxf3 44. h5 Rh2 {Once upon a time I
happened to follow some of the games at the Russian Championship, a strong
round-robin tournament featuring several top players in the world. In the very
first round of the event my attention was drawn to the following rook endgame.
Black is up a pawn and appears to be winning but the battle isn't over yet.}
45. Rh8 {Best. The other moves are simply bad.} ({For example,} 45. Rd8 Rxh5
46. Rxd4 $2 {loses immediately to} Ke3) 45... f4 {Correct.} 46. h6 {White's
main (and obvious) idea is to push his passed pawn to h7 and then to look for
an opportunity to deliver a deadly rook check followed by the pawn promotion.
Conventional wisdom suggests that the outcome of the game largely depends on
whether Black will be able to create a shelter for his king avoiding such a
check.} Re2+ {GM Vitiugov follows the conventional wisdom intending to create
the shelter on the e-file. Quite surprisingly, even though this approach looks
right, it fails to achieve anything special if White defends correctly.} ({
Instead, the winning plan is to relocate the king to d3 and then push the
f-pawn:} 46... Ke3 47. Re8+ Kd3 {A plausible conclusion of the game is then}
48. Rh8 (48. Rf8 $2 {loses to the familiar} Rxh6 49. Rxf4 Ke3 50. Rf1 Ra6)
48... f3 49. h7 ({or} 49. Rf8 Rxh6 50. Rxf3+ Kc2) 49... f2+ 50. Kf1 Kd2 51. Rd8
Rxh7 52. Rxd4+ Ke3 {and wins.}) 47. Kd1 Re6 $2 {It's hard to believe but this
logical move allows White to escape with a draw. The defensive idea is far
from obvious though.} ({Black has to "take it back":} 47... Rh2 48. Ke1 {then
go for} Ke3 49. Re8+ Kd3 {etc.}) 48. h7 $2 {After this final mistake Black
plays very precisely and converts his advantage in a computer-like fashion.} ({
The path to a draw is narrow but it does exist:} 48. Kd2 Ke4 49. Ke2 f3+ 50.
Kd2 $1 d3 51. Rh7 $3 {The point of keeping the h7-square availabe to the rook.
White avoids the zugzwang, and Black cannot make progress.  For example,} Re5
52. Rf7 Rh5 53. Re7+ {with a draw.}) 48... Re7 $1 49. Kd2 Ke4 50. Ke2 d3+ 51.
Kf2 f3 {Now White is in zugzwang and has to abandon his passer.} 52. Ra8 Rxh7
53. Ra4+ {GM Vitiugov must still find a few precise moves.} Kd5 $1 {And he
does.} 54. Ke3 ({The point of Black's previous is that after} 54. Kxf3 {the
white king can be cut off by means of} Re7 $1 {with an easy win.}) 54... Rf7 $1
55. Ra1 f2 56. Rf1 Kc4 {The rest is straightforward.} 57. Kd2 Ra7 58. Rc1+ Kd4
59. Ra1 Ra2+ 0-1

[Event "9th Edmonton International Qualifier"]
[Site "Edmonton"]
[Date "2014.06.01"]
[Round "4"]
[White "Gardner, Robert"]
[Black "Yam, Alex"]
[Result "1/2-1/2"]
[WhiteElo "2301"]
[BlackElo "2383"]
[PlyCount "50"]
[EventDate "2014.05.31"]
[EventType "swiss"]
[EventRounds "5"]
[EventCountry "CAN"]
[SourceDate "2013.09.08"]

1. d4 Nf6 2. c4 g6 3. Nc3 d5 4. cxd5 Nxd5 5. e4 Nxc3 6. bxc3 Bg7 7. Qa4+ Nd7 8.
Nf3 O-O 9. Be2 c5 10. Be3 Nb6 $146 {A novelty.} ({So far in practice Black has
preferred} 10... Nf6 {but it's not necessarily better than the text move.}) 11.
Qa3 Qc7 $6 {Uncharacteristically slow for Alex.} ({Correct is} 11... cxd4 12.
cxd4 Bg4 {with typical dynamic counterplay against d4.} {After a plausible} 13.
O-O Bxf3 14. Bxf3 Bxd4 15. Rad1 e5 {and Black is OK.}) 12. d5 $2 {A grave
error that loses all the advantage.} ({The natural} 12. O-O {is very strong as
now Black doesn't have enough pressure against d4.}) 12... f5 $1 {Emphasizing
temporary lack of coordination in White's camp.} 13. e5 {Relatively best.} Nxd5
14. Bc4 $1 {A very important intermediate move maintaining the balance.} Rd8
15. Bxc5 $2 {White overestimates his chances and ends up in serious trouble.} (
{After the correct} 15. Qxc5 e6 {the position is equal.}) 15... b6 $1 {Black
has a number of good moves but the game continuation is the strongest.} 16.
Bxe7 (16. Bxd5+ Rxd5 17. Bd4 {may be the lesser evil but after} Be6 {White is
positionally lost.}) 16... Qxc4 17. Bxd8 Ba6 {Black is practically winning in
all lines.} ({The computer points out to the most precise continuation:} 17...
Qe4+ 18. Kf1 Bf8 19. Qb3 Ba6+ 20. Kg1 Rxd8 {with an overwhelming position.})
18. O-O-O {The only chance.} Rxd8 ({A simpler solution is} 18... Nxc3 19. Qb3 {
(what else?)} Nxd1+ 20. Qxc4+ Bxc4 21. Rxd1 Rc8 {The endgame is very difficult
for White, and he is probably going to lose a pawn soon.}) 19. Rd4 $1 {The
best move again. Black's pieces are suddenly hanging.} Bh6+ {Possible but it
is now Black who has to be careful. Still, I can hardly classify this move as
a mistake.} ({The following line preserves the advantage for Black if he plays
with a computer precision:} 19... Bf8 20. Qb3 Qc6 21. Rhd1 Bb7 22. c4 b5 23.
Qxb5 Ba3+ 24. Kd2 Qxb5 25. cxb5 Bc5 {etc. Good luck in finding this over the
board.}) 20. Kb2 Qe2+ 21. Ka1 Bc4 $1 {The only good move. At this point Black
must have already calculated the variations till the end of the game.} 22. Re1
$1 Qxf2 23. Rxc4 Ne3 ({In a must-win situtaion Black would prefer} 23... Qxg2
$5 {Here the position remains unclear and all three results are possible.}) 24.
Qe7 {Correct.} (24. Qb3 $6 {is a mistake.} {After the cold-blooded} Kh8 $1 {
Black will regain his exchange with a better position.}) 24... Nc2+ 25. Kb1 Bf8
{A draw was agreed as a perpetual check to either king is inevitable.} ({For
example,} 25... Bf8 26. Qxd8 Na3+ 27. Ka1 Nc2+ 28. Kb2 Na3+ {and White has to
repeat the moves since} 29. Kb3 $4 {runs into} Qc2#) 1/2-1/2

[Event "9th Edmonton International Section B"]
[Site "Edmonton"]
[Date "2014.06.21"]
[Round "1"]
[White "Gardner, Robert"]
[Black "Sequillion, Aaron"]
[Result "1-0"]
[WhiteElo "2295"]
[BlackElo "2214"]
[PlyCount "79"]
[EventDate "2014.06.21"]
[EventType "tourn"]
[EventRounds "5"]
[EventCountry "CAN"]
[SourceDate "2013.09.08"]

1. d4 Nf6 2. c4 c5 3. d5 e6 4. Nc3 exd5 5. cxd5 Bd6 6. e4 O-O 7. Bd3 Re8 8.
Nge2 Bc7 9. O-O a6 10. a4 d6 11. Bg5 Nbd7 12. f4 Nf8 13. e5 dxe5 14. Ne4 Ng6
15. f5 Nf4 16. Nxf4 exf4 17. Bxf6 gxf6 18. Qh5 Be5 19. Rf3 Qxd5 20. Rh3 Bd4+
21. Nf2 Re3 22. Qxh7+ Kf8 23. Kh1 Rxh3 24. Nxh3 f3 25. Nf4 fxg2+ 26. Nxg2 Bxb2
27. Re1 Be5 28. Be4 Qd2 29. Qh5 Qg5 30. Qh8+ Ke7 31. Ne3 {This game was a
see-saw battle with a number of twists and turns. In the diagrammed position
the black kings is in trouble despite two extra pawns but there was a solution
available.} Rb8 $2 {This loses quickly, just like every other move except one.}
({The spectacular} 31... Bxf5 $3 {saves the game:} 32. Nxf5+ Qxf5 33. Qxa8 Qf2
$1 {the point} 34. Qxb7+ Kf8 {White has to be content with the perpetual to
avoid being checkmated:} 35. Qc8+ Ke7 36. Qb7+ {etc.}) 32. Nd5+ Kd7 33. Qf8 {
Black is defenseless.} Bd6 34. Qxf7+ Kd8 35. Rg1 Qxg1+ 36. Kxg1 b5 37. Qxf6+
Kd7 38. Qe6+ Kc6 39. Nf6+ Kc7 40. Ne8+ 1-0

[Event "9th Edmonton International Section B"]
[Site "Edmonton"]
[Date "2014.06.21"]
[Round "3"]
[White "Zeggelaar, Mike"]
[Black "Gardner, Robert"]
[Result "0-1"]
[WhiteElo "2011"]
[BlackElo "2295"]
[PlyCount "64"]
[EventDate "2014.06.21"]
[EventType "tourn"]
[EventRounds "5"]
[EventCountry "CAN"]
[SourceDate "2013.09.08"]

1. e4 d6 2. d4 Nf6 3. Nc3 g6 4. f4 Bg7 5. e5 Nfd7 6. Nf3 c5 7. e6 fxe6 8. Ng5
Nf6 9. dxc5 Nc6 10. Be3 O-O 11. Qd2 Qa5 12. Bc4 d5 13. Be2 d4 14. Bxd4 Rd8 15.
Qe3 Nxd4 16. O-O-O Nxe2+ 17. Qxe2 Nd5 18. Nxd5 Rxd5 19. Rxd5 exd5 20. Qxe7 Bf5
{White was lost after move 12 but Black's inaccuracies allowed the opponent
counterplay.} 21. Qf7+ Kh8 22. Qxd5 {Now Black must be careful.} h6 ({Correct
is} 22... Rf8 $1 {intending} 23. Nf7+ Rxf7 24. Qxf7 Qa4 $1 25. Qb3 Qxf4+ {when
the raging bishops leave White with little hope for survival.}) 23. h4 (23.
Nf7+ Kh7 24. h4 {is a more accurate move order.} {Then} Bg4 {transposes back
to the game.}) 23... Bg4 ({Again, Black should play} 23... Rf8 $1 24. Nf7+ Rxf7
25. Qxf7 Qb4 26. Qb3 Qxf4+ {similarly to the line above.}) 24. Nf7+ Kh7 {
Suddenly, the position is unclear.} 25. f5 (25. h5 $5 {is another interesting
resource with the idea} Bxh5 $2 26. g4 $1 Bxg4 $4 27. Ng5+ Kh8 28. Qxb7 Rf8 29.
Rxh6+ $1 Bxh6 30. Qh7#) 25... gxf5 $2 ({Even though} 25... Rf8 {is long
overdue, it is still the best move.} {To be fair,} 26. fxg6+ Kxg6 {does look
scary for Black.}) 26. Ng5+ hxg5 27. hxg5+ $2 {Missing his chance.} ({White
draws after} 27. Qe6 $3 Bh5 {(what else?)} 28. hxg5 {and Black has to take the
perpetual himself:} Bxb2+ 29. Kxb2 Qb4+ 30. Ka1 Qc3+ 31. Kb1 Qb4+ {etc.}) 27...
Kg6 {Now it's all over.} 28. Qe6+ Kxg5 29. Rh7 Qc7 30. Qe3+ Kg6 31. Rh1 Qe5 32.
Qb3 Re8 0-1

[Event "9th Edmonton International Section B"]
[Site "Edmonton"]
[Date "2014.06.24"]
[Round "4"]
[White "Salehian, Mohammad"]
[Black "Zeggelaar, Mike"]
[Result "0-1"]
[WhiteElo "1859"]
[BlackElo "2011"]
[PlyCount "84"]
[EventDate "2014.06.21"]
[EventType "tourn"]
[EventRounds "5"]
[EventCountry "CAN"]
[SourceDate "2013.09.08"]

1. d4 Nf6 2. Nf3 g6 3. c4 Bg7 4. Nc3 d6 5. e4 O-O 6. Be2 e5 7. Be3 Nc6 8. d5
Ne7 9. Nd2 Ne8 10. c5 f5 11. f3 f4 12. Bf2 Nf6 13. cxd6 cxd6 14. Nc4 Ne8 15.
O-O g5 16. Nb5 h5 17. Nxa7 h4 18. Qb3 h3 19. Nxc8 Rxc8 20. gxh3 Qd7 21. Nb6
Qxh3 22. Nxc8 Nxc8 23. Rfc1 Nf6 24. Qxb7 g4 25. Rxc8 g3 26. Rxf8+ Bxf8 27. hxg3
fxg3 28. Bxg3 Qxg3+ 29. Kf1 Nh5 30. Qd7 Qh2 31. Qg4+ Kf7 32. Qe6+ Kg7 33. Qg4+
Kf7 34. Qg2 Qh4 35. Qf2 Qh1+ 36. Qg1 Qh4 37. Bb5 Bh6 {White's large material
advantage gives him a winning position. Care is required, however, as Black's
threats must be taken seriously.} 38. Qa7+ $2 {The queen is needed for defence,
there is no time for counterattack.} ({A good way to consolidate is} 38. Bd7 $5
{intending to put the bishop on g4 when necessary.}) 38... Kf6 39. Be8 $2 {
This is clearly asking for trouble.} ({White should acknowledge his mistake
and play} 39. Qg1) 39... Qh1+ 40. Qg1 $2 {Now Black wins quickly.} (40. Ke2 {
saves the game in a miraculous fashion, which is, however, beyond the scope of
this example. An interested reader may quickly verify it with a computer.})
40... Qxf3+ 41. Qf2 {Apparently, White was pinning his hopes on this defensive
resource but it doesn't work.} ({Black also wins after} 41. Ke1 Qxe4+ 42. Kf1
Qd3+ 43. Kg2 Nf4+ {etc.}) 41... Ng3+ 42. Ke1 Bd2+ $1 {A nice tactical shot
forcing an immediate resignation. White has to part with his queen or allow
checkmate.} 0-1

[Event "9th Edmonton International Section B"]
[Site "Edmonton"]
[Date "2014.06.25"]
[Round "5"]
[White "Zeggelaar, Mike"]
[Black "Sequillion, Aaron"]
[Result "0-1"]
[WhiteElo "2011"]
[BlackElo "2214"]
[PlyCount "78"]
[EventDate "2014.06.21"]
[EventType "tourn"]
[EventRounds "5"]
[EventCountry "CAN"]
[SourceDate "2013.09.08"]

1. e4 c5 2. Nf3 d6 3. d4 cxd4 4. Nxd4 Nf6 5. Nc3 a6 6. Bg5 Nc6 7. Qd2 Bd7 8.
Be2 e6 9. O-O Be7 10. Rad1 O-O 11. f4 Qc7 12. Nf3 Rfd8 13. Bxf6 Bxf6 14. Kh1
Be8 15. Bd3 Rac8 16. Ng5 h6 17. Nf3 Nb4 18. Ne2 Nxd3 19. cxd3 Qc2 20. Ned4 Bxd4
21. Nxd4 Qa4 22. b4 a5 23. Rb1 Bd7 24. Rb2 Rc7 25. Nf3 Rdc8 26. bxa5 Rc2 27.
Qb4 Rc1 28. Nd2 Rxf1+ 29. Nxf1 Rc1 30. Kg1 Qd1 31. Rf2 Qxd3 {The pin is deadly
and Black is totally winning.} 32. Qd2 {Desperation.} Qxd2 {Good enough.} ({
However, a simple tactical shot} 32... Rxf1+ 33. Rxf1 Qxd2 {forces an
immediate resignation.}) 33. Rxd2 Bb5 34. Rf2 Re1 {White resigned on move 39.}
35. a4 Ba6 36. g3 Rxe4 37. Rd2 Re1 38. Rf2 Kf8 39. Kg2 Bxf1+ 0-1

[Event "9th Edmonton International Reserves"]
[Site "Edmonton"]
[Date "2014.06.28"]
[Round "1"]
[White "Mah, Sean Kenneth"]
[Black "Briones, Dante"]
[Result "0-1"]
[WhiteElo "1461"]
[BlackElo "1968"]
[PlyCount "54"]
[EventDate "2014.06.28"]
[EventType "swiss"]
[EventRounds "5"]
[EventCountry "CAN"]
[SourceDate "2013.09.08"]

1. d4 d5 2. e3 Nf6 3. Bd3 e6 4. f4 c5 5. c3 Bd6 6. Nd2 Nbd7 7. Ngf3 b6 8. Ne5
Bb7 9. Qf3 g6 10. O-O h5 11. b3 Qc7 12. Bb2 a5 13. Qe2 Rg8 14. Rac1 g5 15. h3
gxf4 16. exf4 c4 17. Bb1 Ke7 18. Rf2 Rg7 19. Kh1 Rag8 20. Rg1 Rh8 21. bxc4 dxc4
22. Ne4 b5 23. Nxd6 Qxd6 {All I can say is that it's hard to figure out what's
going on even with computer assistance.} 24. f5 $6 {Looks tempting but Black
has a strong reply.} ({In this complex position White can try} 24. a4 $5 {
undermining the opponent's queenside pawn chain.}) 24... Ng4 $1 25. Nxg4 $2 {
The decisive mistake. Opening up the h-file is suicidal.} ({White should prefer
} 25. Rf4) 25... hxg4 26. Rgf1 Rxh3+ {Exactly the same pattern as in the
previous example!} 27. Kg1 Qh2# 0-1

[Event "9th Edmonton International Reserves"]
[Site "Edmonton"]
[Date "2014.06.29"]
[Round "5"]
[White "Hughey, Leah"]
[Black "Grossmann, Lenard"]
[Result "1-0"]
[WhiteElo "1510"]
[BlackElo "1800"]
[PlyCount "75"]
[EventDate "2014.06.28"]
[EventType "swiss"]
[EventRounds "5"]
[EventCountry "CAN"]
[SourceDate "2013.09.08"]

1. c4 e5 2. Nc3 Nf6 3. g3 Bb4 4. Bg2 O-O 5. Nd5 Nxd5 6. cxd5 c6 7. a3 Be7 8. b4
a5 9. Bb2 f6 10. Qb3 Kh8 11. Nh3 Qb6 12. O-O axb4 13. Rfc1 Ra6 14. a4 c5 15.
Rc4 d6 16. Rac1 Bd7 17. Rh4 f5 18. Rcc4 Bxh4 19. Rxh4 Qd8 {Black's large
material advantage is supposed to give him a win but White's attack is not to
be underestimated.} 20. f4 $1 {The best try.} e4 $2 {Surprisingly, after this
innocent looking move White wins by force.} ({Black should try to keep the
long diagonal closed. After} 20... Qe7 21. fxe5 dxe5 22. Qe3 Re8 23. Ng5 h6 {
White doesn't have anything concrete.}) 21. Ng5 h6 {Black may have pinned his
hopes to this move but it doesn't help.} ({No better is} 21... Kg8 22. Rxh7 Qe7
23. Rxg7+ Qxg7 24. Bxg7 Kxg7 25. g4 $1 {and White's attack is decisive.}) 22.
Rxh6+ {Of course. The g7-pawn is pinned!} Kg8 23. Rg6 Rf7 {White has a wide
choice of winning moves here.} 24. Ne6 Bxe6 25. dxe6 Re7 26. Rxg7+ Kf8 27. Bf6
Nc6 28. Qb2 Rxg7 29. Bxd8 Nd4 30. e7+ Ke8 31. e3 Ne2+ 32. Kf2 {The rest is
redundant. White won on move 38.} Nc3 33. dxc3 bxc3 34. Qxc3 Rg8 35. Qb3 Rg7
36. Qxb7 Rxa4 37. Qb5+ Kf7 38. e8=Q# 1-0

[Event "9th Edmonton International"]
[Site "Edmonton"]
[Date "2014.06.21"]
[Round "1.1"]
[White "Panjwani, Raja"]
[Black "Ivanchuk, Vassily"]
[Result "0-1"]
[WhiteElo "2440"]
[BlackElo "2738"]
[PlyCount "74"]
[EventDate "2014.06.29"]
[EventType "tourn"]
[EventRounds "9"]
[EventCountry "CAN"]
[SourceDate "2013.09.08"]

1. Nf3 c5 2. c4 Nf6 3. Nc3 e6 4. g3 b6 5. Bg2 Bb7 6. O-O Be7 7. b3 O-O 8. Bb2
d6 9. e3 Nbd7 10. d4 Ne4 11. Qe2 f5 12. Nxe4 Bxe4 13. Rfd1 Qe8 14. Ne1 Nf6 15.
f3 Bb7 16. Nd3 Rc8 17. e4 cxd4 18. e5 Nd7 19. Bxd4 dxe5 20. Nxe5 Nxe5 21. Bxe5
Rf7 22. f4 Bc5+ 23. Kh1 Bxg2+ 24. Qxg2 Rd7 25. Rxd7 Qxd7 26. Qf3 Rd8 27. Bc3 a5
28. Kg2 h6 29. Rc1 {Black's position is more pleasant as he firmly controls
the only open file. However, White has all the entry squares covered and it's
unclear how Black can make progress.} g5 $5 {Brilliant! This move looks very
risky and requires precise calculation.} ({The computer recommends} 29... Qd3
30. Qxd3 Rxd3 {with a slightly better endgame.}) 30. h3 $2 {Black's aggression
pays off immediately.} ({Correct is} 30. fxg5 hxg5 31. h3 {not creating a weak
pawn on f4.}) 30... Qd3 $1 {Now this is strong.} 31. Qh5 {This tempting sortie
loses.} ({White must accept an inferior endgame after} 31. Qxd3 Rxd3 32. Rc2
gxf4 33. gxf4 Kf7) 31... Qe4+ 32. Kh2 gxf4 33. Qg6+ Kf8 {The black king walks
away, while his white colleague is about to be checkmated.} 34. Qg7+ Ke8 35.
Qg8+ Kd7 36. Rd1+ Kc6 37. Qxd8 Qe2+ 0-1